UM Logo

Students' perception towards homework completion/ (Record no. 2943)

MARC details
000 -LEADER
fixed length control field 00586nam a22001577a 4500
008 - FIXED-LENGTH DATA ELEMENTS--GENERAL INFORMATION
fixed length control field 160602b xxu||||| |||| 00| 0 eng d
082 ## - DEWEY DECIMAL CLASSIFICATION NUMBER
Edition number 2012
Classification number UT 0336
Item number C11
100 ## - MAIN ENTRY--PERSONAL NAME
9 (RLIN) 9802
Personal name Cabila, Kristofer Aian D.
245 ## - TITLE STATEMENT
Title Students' perception towards homework completion/
Statement of responsibility, etc. Kristofer Aian D. Cabila, Quindeliza B. Liwanan and Jemima C. Decrepito.
260 ## - PUBLICATION, DISTRIBUTION, ETC. (IMPRINT)
Place of publication, distribution, etc. Digos City:
Name of publisher, distributor, etc. UMDC
Date of publication, distribution, etc. March 2012.
300 ## - PHYSICAL DESCRIPTION
Extent 41 pages;
Dimensions 28 cm.
650 #0 - SUBJECT ADDED ENTRY--TOPICAL TERM
9 (RLIN) 9801
Topical term or geographic name as entry element Education
Form subdivision English
General subdivision Undergraduate thesis.
700 ## - ADDED ENTRY--PERSONAL NAME
9 (RLIN) 9799
Personal name Linawan, Quindeliza B.
700 ## - ADDED ENTRY--PERSONAL NAME
9 (RLIN) 9800
Personal name Decrepito, Jimima C.
942 ## - ADDED ENTRY ELEMENTS (KOHA)
Source of classification or shelving scheme Dewey Decimal Classification
Koha item type Undergraduate Thesis
Holdings
Withdrawn status Lost status Source of classification or shelving scheme Damaged status Not for loan Collection code Home library Current library Date acquired Total Checkouts Full call number Barcode Date last seen Price effective from Koha item type
    Dewey Decimal Classification     Undergraduate Theses UM Digos College - LIC UM Digos College - LIC 06/02/2016   UT 0336 C11 2012 UT0336 06/02/2016 06/02/2016 Undergraduate Thesis